La thèse rousseauiste d'un serbe de Hongrie

Elmentve itt :
Bibliográfiai részletek
Szerző: Machovich Viktor
Dokumentumtípus: Cikk
Megjelent: 1926
Sorozat:Revue des études hongroises et finno-ougriennes 4
Kulcsszavak:Irodalomtudomány, Történelemtudomány
Online Access:http://acta.bibl.u-szeged.hu/25315
LEADER 00658nab a2200181 i 4500
001 acta25315
005 20210720150823.0
008 161017s1926 hu o 0|| fre d
022 |a 1166-9667 
040 |a SZTE Egyetemi Kiadványok Repozitórium  |b hun 
041 |a fre 
100 1 |a Machovich Viktor 
245 1 3 |a La thèse rousseauiste d'un serbe de Hongrie  |h [elektronikus dokumentum] /  |c  Machovich Viktor 
260 |c 1926 
300 |a 172-174 
490 0 |a Revue des études hongroises et finno-ougriennes  |v 4 
695 |a Irodalomtudomány, Történelemtudomány 
856 4 0 |u http://acta.bibl.u-szeged.hu/25315/1/etudes_hongroises_004_172-174.pdf  |z Dokumentum-elérés